| 000 | 00721nam0a22002651 4500 | ||
|---|---|---|---|
| 001 | RU\NLR\A2V16\4746 | ||
| 005 | 20251203171251.9 | ||
| 035 | _a(NLR Aleph) 009807806 | ||
| 090 |
_a10202946 _c10202946 |
||
| 100 | _a19980601d1566 u y0rusy50 ca | ||
| 101 | 0 | _alat | |
| 102 | _aRU | ||
| 200 | 1 | _aLocutiones polon.-german. | |
| 210 |
_aKönigsberg [Kaliningrad] _d1566 |
||
| 215 | _d8° | ||
| 620 | _dKaliningrad | ||
| 702 | 1 |
_6z01702 _aDaubmann _bH. _f-1573 _gHans _4610 |
|
| 790 | 1 |
_6z01702 _aDaubman _bJ. _4610 |
|
| 801 | 0 |
_aRU _bNLR _c19980601 |
|
| 852 |
_aNLR _j7.43.11.47 |
||
| 942 | _cBOOK | ||
| 980 | _aNB | ||
| 980 | _ain16 | ||